[Event "Quebec op"]
[Site "Montreal CAN"]
[Date "2006.07.07"]
[Round "1"]
[White "Bolduc, Steve"]
[Black "Vallieres, Mario"]
[Result "1-0"]
[WhiteElo "2277"]
[BlackElo "2055"]
[PlyCount "69"]
[GameId "2160767910819796"]
[EventDate "2006.07.08"]
[EventType "swiss"]
[EventRounds "9"]
[EventCountry "CAN"]

1. d4 f5 2. e4 fxe4 3. Nc3 Nf6 4. Bg5 g6 5. f3 e3 6. Bd3 Bg7 7. Bxe3 d5 8. Qd2 Nc6 9. O-O-O O-O 10. Nge2 Nb4 11. Nf4 Nxd3+ 12. Nxd3 c6 13. h4 Bd7 14. g4 Be8 15. Nf4 Qd7 16. h5 Bf7 17. hxg6 Bxg6 18. Nxg6 hxg6 19. Bh6 e6 20. Ne2 Qf7 21. Bxg7 Qxg7 22. Rh6 Kf7 23. Qf4 g5 24. Qc7+ Kg8 25. Qh2 Rae8 26. Rh1 Re7 27. Qd6 Rfe8 28. Ng3 Kf7 29. Qe5 Rg8 30. c3 a6 31. Kc2 Ree8 32. Rxf6+ Qxf6 33. Rh7+ Rg7 34. Qxf6+ Kxf6 35. Nh5+ 1-0

[Event "Quebec op"]
[Site "Montreal CAN"]
[Date "2006.07.08"]
[Round "2"]
[White "Bergeron, Marc"]
[Black "Bolduc, Steve"]
[Result "0-1"]
[WhiteElo "2009"]
[BlackElo "2277"]
[PlyCount "70"]
[GameId "2160767910819818"]
[EventDate "2006.07.08"]
[EventType "swiss"]
[EventRounds "9"]
[EventCountry "CAN"]

1. c4 c5 2. Nc3 Nf6 3. g3 d5 4. cxd5 Nxd5 5. Bg2 Nc7 6. Nf3 Nc6 7. O-O e5 8. d3 Be7 9. Ne1 O-O 10. f4 exf4 11. gxf4 Bg4 12. Nc2 Qd7 13. Ne3 Bh5 14. Qe1 Nd4 15. f5 f6 16. Rf2 Rab8 17. Bd2 Bf7 18. Rc1 Rfc8 19. b3 Bf8 20. Qf1 b5 21. Ne4 Na6 22. Ng4 Kh8 23. e3 Nc6 24. Ngxf6 gxf6 25. Nxf6 Qd8 26. Ne4 Ncb4 27. Bc3+ Bg7 28. f6 Bh6 29. Rd1 Bxe3 30. Kh1 Nd5 31. Ba1 Bd4 32. Ng5 Rc7 33. Rf4 Bxa1 34. Rxa1 Nxf4 35. Qxf4 Qd4 0-1

[Event "Quebec op"]
[Site "Montreal CAN"]
[Date "2006.07.10"]
[Round "4"]
[White "Bekteshi, Muhamet"]
[Black "Bolduc, Steve"]
[Result "1-0"]
[WhiteElo "2023"]
[BlackElo "2277"]
[PlyCount "111"]
[GameId "2160767910819856"]
[EventDate "2006.07.08"]
[EventType "swiss"]
[EventRounds "9"]
[EventCountry "CAN"]

1. d4 Nf6 2. Nf3 e6 3. c4 b6 4. Bg5 h6 5. Bh4 Bb7 6. e3 Be7 7. Nbd2 O-O 8. Bd3 c5 9. O-O cxd4 10. exd4 d5 11. cxd5 Bxd5 12. Rc1 Nc6 13. Bb1 Rc8 14. a3 Nh5 15. Bxe7 Qxe7 16. Ne4 Nf6 17. Re1 Rcd8 18. Nxf6+ Qxf6 19. Rxc6 Bxc6 20. Qc2 g6 21. Qxc6 Rc8 22. Qe4 Rc7 23. h4 h5 24. Qe3 Kg7 25. g3 Rd8 26. Kg2 Rd6 27. Rd1 Rd5 28. Be4 Rd8 29. Rd3 Rdc8 30. Rb3 Rc1 31. Rb5 Rd1 32. Rg5 Rcc1 33. g4 hxg4 34. Rxg4 Kf8 35. Qh6+ Ke8 36. Rf4 Qe7 37. Qg7 f5 38. Qg8+ Kd7 39. Qxg6 Kc7 40. Bxf5 exf5 41. Rxf5 Kb8 42. Rf7 Qd8 43. Qg7 Rc7 44. Rxc7 Qxc7 45. Qxc7+ Kxc7 46. h5 Rc1 47. Ne5 Kd6 48. h6 Rc7 49. Kg3 Ke6 50. Kf4 Kf6 51. d5 Rc2 52. Ng4+ Kg6 53. Ke3 Rxb2 54. d6 Rb1 55. d7 Rd1 56. Ne5+ 1-0

[Event "Quebec op"]
[Site "Montreal CAN"]
[Date "2006.07.12"]
[Round "6"]
[White "Bolduc, Steve"]
[Black "Luksza, Arkadiusz"]
[Result "1/2-1/2"]
[WhiteElo "2177"]
[BlackElo "2131"]
[PlyCount "79"]
[GameId "2160767910819904"]
[EventDate "2006.07.08"]
[EventType "swiss"]
[EventRounds "9"]
[EventCountry "CAN"]
[SourceTitle "CBM 113 Extra"]
[Source "ChessBase"]
[SourceDate "2006.09.14"]
[SourceVersion "1"]
[SourceVersionDate "2006.09.14"]
[SourceQuality "1"]

1. d4 Nf6 2. Nf3 g6 3. c4 Bg7 4. Nc3 d5 5. cxd5 Nxd5 6. e4 Nxc3 7. bxc3 c5 8. Rb1 O-O 9. Be2 b6 10. O-O Bb7 11. Qd3 Ba6 12. Qe3 Qd7 13. Bxa6 Nxa6 14. Qe2 Qa4 15. Bg5 Rfe8 16. Rfd1 Rac8 17. e5 h6 18. Bh4 e6 19. Bf6 cxd4 20. Rxd4 Qa5 21. Bxg7 Kxg7 22. c4 Rc7 23. Rbd1 Rec8 24. h4 Nb4 25. Qe4 Nc6 26. Rd7 Ne7 27. Qf4 Nf5 28. Rxc7 Rxc7 29. g4 Qa4 30. Rc1 Ne7 31. Qf6+ Kf8 32. Nd4 Kg8 33. Nb5 Rxc4 34. Rxc4 Qxc4 35. Nd6 Qxg4+ 36. Kh2 Nf5 37. Qxf7+ Kh8 38. Qf6+ Kh7 39. Qf7+ Kh8 40. Nc4 1/2-1/2

[Event "Quebec op"]
[Site "Montreal CAN"]
[Date "2006.07.13"]
[Round "7"]
[White "Jiang, Louie"]
[Black "Bolduc, Steve"]
[Result "0-1"]
[WhiteElo "1965"]
[BlackElo "2177"]
[PlyCount "102"]
[GameId "2160767910819932"]
[EventDate "2006.07.08"]
[EventType "swiss"]
[EventRounds "9"]
[EventCountry "CAN"]
[SourceTitle "CBM 113 Extra"]
[Source "ChessBase"]
[SourceDate "2006.09.14"]
[SourceVersion "1"]
[SourceVersionDate "2006.09.14"]
[SourceQuality "1"]

1. e4 c5 2. Nf3 Nc6 3. d4 cxd4 4. Nxd4 g6 5. c4 Bg7 6. Be3 Nf6 7. Nc3 O-O 8. f3 d6 9. Qd2 Bd7 10. Be2 Nxd4 11. Bxd4 Bc6 12. O-O Nd7 13. Bxg7 Kxg7 14. Qd4+ f6 15. Rfd1 a5 16. b3 Qb6 17. Qxb6 Nxb6 18. a3 Nd7 19. b4 b6 20. Nd5 Kf7 21. f4 Rfc8 22. Nc3 Rc7 23. Bg4 axb4 24. axb4 Rxa1 25. Rxa1 e6 26. Kf2 Ke7 27. Ke3 f5 28. Be2 fxe4 29. Nxe4 Bxe4 30. Kxe4 d5+ 31. cxd5 Nf6+ 32. Ke5 Nxd5 33. Rb1 Rc2 34. Bf3 Nf6 35. h3 Rc4 36. Rd1 Nd7+ 37. Rxd7+ Kxd7 38. Bg4 Ke7 39. Bxe6 Rxb4 40. f5 gxf5 41. Bxf5 h6 42. g4 Rb5+ 43. Kf4 Kf6 44. h4 Rb4+ 45. Be4 Kg7 46. g5 h5 47. Kf3 Ra4 48. Kf4 b5 49. Ke3 b4 50. Bf3 Ra3+ 51. Ke2 Rxf3 0-1

[Event "Quebec op"]
[Site "Montreal CAN"]
[Date "2006.07.14"]
[Round "8"]
[White "Zafirov, Stephane"]
[Black "Bolduc, Steve"]
[Result "0-1"]
[WhiteElo "2084"]
[BlackElo "2177"]
[PlyCount "73"]
[GameId "2160767910819966"]
[EventDate "2006.07.08"]
[EventType "swiss"]
[EventRounds "9"]
[EventCountry "CAN"]
[SourceTitle "CBM 113 Extra"]
[Source "ChessBase"]
[SourceDate "2006.09.14"]
[SourceVersion "1"]
[SourceVersionDate "2006.09.14"]
[SourceQuality "1"]

1. e4 c5 2. Nf3 d6 3. d4 cxd4 4. Nxd4 Nf6 5. Nc3 a6 6. Be2 e5 7. Nb3 Be6 8. Be3 Nbd7 9. O-O Be7 10. f4 Rc8 11. Kh1 Qc7 12. a4 exf4 13. Bxf4 Ne5 14. Nd4 O-O 15. Qe1 Qb6 16. Nxe6 fxe6 17. Rb1 Qb4 18. Bd2 Qd4 19. Bf3 Rf7 20. b3 Qc5 21. Ne2 Rcf8 22. Nf4 Qc8 23. Qe2 g5 24. Nd3 Nfd7 25. Qd1 Qc6 26. Nb4 Qc5 27. Be2 Qd4 28. Re1 Nc5 29. c3 Qxe4 30. Bh5 Qh4 31. Bxf7+ Rxf7 32. g3 Qh3 33. Qe2 Nf3 34. Rf1 Nxh2 35. Qg2 Qxg2+ 36. Kxg2 Nxf1 37. Bc1 0-1

[Event "Quebec op"]
[Site "Montreal CAN"]
[Date "2006.07.15"]
[Round "9"]
[White "Bolduc, Steve"]
[Black "Kleinplatz, Sam"]
[Result "1/2-1/2"]
[WhiteElo "2177"]
[BlackElo "2266"]
[PlyCount "198"]
[GameId "2160767910819970"]
[EventDate "2006.07.08"]
[EventType "swiss"]
[EventRounds "9"]
[EventCountry "CAN"]
[SourceTitle "CBM 113 Extra"]
[Source "ChessBase"]
[SourceDate "2006.09.14"]
[SourceVersion "1"]
[SourceVersionDate "2006.09.14"]
[SourceQuality "1"]

1. d4 Nf6 2. Nf3 g6 3. c4 Bg7 4. Nc3 d5 5. cxd5 Nxd5 6. e4 Nxc3 7. bxc3 c5 8. Rb1 O-O 9. Be2 cxd4 10. cxd4 Qa5+ 11. Bd2 Qxa2 12. O-O Bd7 13. Bd3 Bg4 14. Be3 Nc6 15. d5 Ne5 16. Rxb7 Rfb8 17. Rxb8+ Rxb8 18. Be2 e6 19. h3 Bxf3 20. Bxf3 exd5 21. exd5 Rd8 22. Qe2 Nxf3+ 23. Qxf3 a5 24. d6 h6 25. Qc6 Qe6 26. Rd1 Be5 27. g3 Bxg3 28. Kg2 Rxd6 29. Qa8+ Kh7 30. Bd4 Be5 31. Bxe5 Qxe5 32. Rxd6 Qxd6 33. Qxa5 Qc6+ 34. Kg3 Qe4 35. Qc7 Qd3+ 36. Kg2 Qd5+ 37. Kg3 Qg5+ 38. Kf3 Kg7 39. Qb7 h5 40. Qc7 Qf5+ 41. Kg2 Qe4+ 42. Kh2 Qf3 43. Qe5+ Kh7 44. Qc5 Kg8 45. Qc8+ Kg7 46. Qc5 Kh7 47. Qd4 g5 48. Qa7 Kg6 49. Qb6+ f6 50. Qb1+ Kh6 51. Qb6 Qf4+ 52. Kg2 Kg6 53. Qe6 Qb8 54. Qe4+ Kh6 55. Qe7 Qh8 56. Kh2 Qg7 57. Qe6 Qc7+ 58. Kg2 Qb7+ 59. Kg1 Kg7 60. Qf5 Qe7 61. Kg2 Qd6 62. Kg1 Qd1+ 63. Kg2 Qd4 64. Kg1 h4 65. Kg2 Qe5 66. Qd7+ Kg6 67. Qc8 f5 68. Qg8+ Qg7 69. Qe6+ Qf6 70. Qg8+ Kh6 71. Kf1 Qg7 72. Qe6+ Qg6 73. Qc8 Qf7 74. Kg2 Qd5+ 75. Kg1 Kg7 76. Qc7+ Kf6 77. Qb6+ Qe6 78. Qd8+ Qe7 79. Qd4+ Ke6 80. Qe3+ Kf7 81. Qb3+ Kg7 82. Qc3+ Kh7 83. Qc8 Qe1+ 84. Kg2 Qe4+ 85. Kg1 Qe5 86. Qf8 Qe6 87. Qd8 Kg6 88. Kg2 f4 89. Qd3+ Kf6 90. Qf3 Qc4 91. Kh2 Qc5 92. Kg1 Qc4 93. Kh2 Ke5 94. Qg4 Kf6 95. Qf3 Qc2 96. Kg1 Ke5 97. Qh5 Qf5 98. Qe2+ Kd4 99. Qb2+ Kc4 1/2-1/2

[Event "Juin"]
[Site "Montreal CAN"]
[Date "2006.06.09"]
[Round "1"]
[White "Bolduc, Steve"]
[Black "Dupuis, Stephane"]
[Result "1-0"]
[WhiteElo "2272"]
[BlackElo "2137"]
[PlyCount "95"]
[GameId "2160767910828428"]
[EventDate "2006.06.09"]
[EventType "swiss"]
[EventRounds "5"]
[EventCountry "CAN"]
[SourceTitle "EXT 2007"]
[Source "ChessBase"]
[SourceDate "2006.11.23"]
[SourceVersion "1"]
[SourceVersionDate "2006.11.23"]
[SourceQuality "1"]

1. d4 d6 2. e4 Nf6 3. Nc3 g6 4. Bg5 Bg7 5. Qd2 c6 6. Bh6 O-O 7. Bxg7 Kxg7 8. Nge2 b5 9. Ng3 Nbd7 10. Be2 b4 11. Nd1 c5 12. d5 Nb6 13. Ne3 e6 14. O-O-O exd5 15. exd5 Bb7 16. Bf3 Re8 17. h4 Re5 18. h5 Qd7 19. hxg6 fxg6 20. Rh4 Nbxd5 21. Nxd5 Bxd5 22. Qh6+ Kg8 23. Nh5 gxh5 24. Qxf6 Rf8 25. Qh6 Bxf3 26. gxf3 Qg7 27. Qxd6 Qf6 28. Rg1+ Kh8 29. Qc7 Rg5 30. Re1 Rg7 31. Qxc5 Qxf3 32. Rxb4 Qxf2 33. Qe5 h6 34. Rbe4 Qf5 35. Qd4 Qg5+ 36. Kb1 Kh7 37. Re5 Qg4 38. Qd3+ Kh8 39. a3 h4 40. R5e4 Qg2 41. Ka2 Qf2 42. Re6 h5 43. Qd5 Rf5 44. Rh6+ Rh7 45. Re8+ Kg7 46. Rxh7+ Kxh7 47. Qg8+ Kh6 48. Re7 1-0

[Event "Juin"]
[Site "Montreal CAN"]
[Date "2006.06.10"]
[Round "2"]
[White "Libersan, Thierry"]
[Black "Bolduc, Steve"]
[Result "0-1"]
[WhiteElo "2167"]
[BlackElo "2272"]
[PlyCount "58"]
[GameId "2160767910828431"]
[EventDate "2006.06.09"]
[EventType "swiss"]
[EventRounds "5"]
[EventCountry "CAN"]
[SourceTitle "EXT 2007"]
[Source "ChessBase"]
[SourceDate "2006.11.23"]
[SourceVersion "1"]
[SourceVersionDate "2006.11.23"]
[SourceQuality "1"]

1. e4 c5 2. Nf3 d6 3. d4 cxd4 4. Nxd4 Nf6 5. Nc3 a6 6. Bc4 e6 7. Bb3 b5 8. O-O b4 9. Na4 Nxe4 10. Re1 d5 11. c4 bxc3 12. bxc3 Bd6 13. g3 O-O 14. Bc2 Nd7 15. Rb1 Ndc5 16. f3 Nxa4 17. fxe4 Nxc3 18. Qd3 Nxe4 19. Rxe4 dxe4 20. Qxe4 g6 21. Nf3 Bc5+ 22. Kg2 Qd5 23. Bh6 Qxe4 24. Bxe4 Bd7 25. Bxf8 Bxf8 26. Ne5 Bb5 27. Rd1 f6 28. Nd7 Be7 29. h4 Rd8 0-1

[Event "Juin"]
[Site "Montreal CAN"]
[Date "2006.06.10"]
[Round "3"]
[White "Bolduc, Steve"]
[Black "Poirier, Erik"]
[Result "1/2-1/2"]
[WhiteElo "2272"]
[BlackElo "2032"]
[PlyCount "89"]
[GameId "2160767910828433"]
[EventDate "2006.06.09"]
[EventType "swiss"]
[EventRounds "5"]
[EventCountry "CAN"]

1. d4 Nf6 2. Nf3 e6 3. c4 b6 4. Nc3 Bb4 5. Bg5 Bb7 6. e3 O-O 7. Bd3 h6 8. Bh4 d6 9. O-O Bxc3 10. bxc3 g5 11. Bg3 Ne4 12. Nd2 Nxd2 13. Qxd2 Nd7 14. f4 f6 15. Qe2 Qe7 16. Rf2 Rae8 17. Raf1 Qg7 18. fxg5 fxg5 19. Qh5 Re7 20. Rxf8+ Nxf8 21. Rf2 Nd7 22. e4 e5 23. c5 bxc5 24. h4 exd4 25. hxg5 Qxg5 26. Qh3 Rg7 27. Qe6+ Kh8 28. Qe8+ Rg8 29. Qxd7 Qxg3 30. Qxc7 Qxd3 31. Qxb7 dxc3 32. Qf7 Qd4 33. Qf4 Rg6 34. Qf8+ Kh7 35. Qf7+ Qg7 36. Qf5 Qe5 37. Qxe5 dxe5 38. Rf3 Rc6 39. Rxc3 c4 40. Kf2 Kg6 41. Rg3+ Kf6 42. Ke2 c3 43. Kd1 c2+ 44. Kc1 h5 45. Rf3+ 1/2-1/2

[Event "Beloeil"]
[Site "Beloeil CAN"]
[Date "2006.04.28"]
[Round "1"]
[White "Khaziyeva, Dinara"]
[Black "Bolduc, Steve"]
[Result "1-0"]
[WhiteElo "2156"]
[BlackElo "2275"]
[PlyCount "51"]
[GameId "2160767910837024"]
[EventDate "2006.04.28"]
[EventType "tourn"]
[EventRounds "5"]
[EventCountry "CAN"]
[SourceTitle "EXT 2007"]
[Source "ChessBase"]
[SourceDate "2006.11.23"]
[SourceVersion "1"]
[SourceVersionDate "2006.11.23"]
[SourceQuality "1"]

1. b3 Nf6 2. Bb2 e6 3. g3 d5 4. Bg2 c5 5. e3 Nc6 6. Ne2 Bd6 7. d3 e5 8. Nd2 Be6 9. O-O Qd7 10. d4 h5 11. dxe5 Nxe5 12. Nf4 h4 13. Nxe6 Qxe6 14. e4 hxg3 15. hxg3 d4 16. f4 Neg4 17. Nc4 Rd8 18. e5 Nd5 19. f5 Qh6 20. Qxg4 Be7 21. Bc1 Ne3 22. Nxe3 dxe3 23. Re1 Qh2+ 24. Kf1 Rd4 25. Qf3 e2+ 26. Kxe2 1-0

[Event "Beloeil"]
[Site "Beloeil CAN"]
[Date "2006.03.29"]
[Round "4"]
[White "Masse, Hugues"]
[Black "Bolduc, Steve"]
[Result "1/2-1/2"]
[WhiteElo "2288"]
[BlackElo "2275"]
[PlyCount "58"]
[GameId "2160767910837027"]
[EventDate "2006.04.28"]
[EventType "tourn"]
[EventRounds "5"]
[EventCountry "CAN"]
[SourceTitle "EXT 2007"]
[Source "ChessBase"]
[SourceDate "2006.11.23"]
[SourceVersion "1"]
[SourceVersionDate "2006.11.23"]
[SourceQuality "1"]

1. d4 Nf6 2. c4 e6 3. Nc3 Bb4 4. Qc2 c5 5. dxc5 Na6 6. a3 Qa5 7. Bd2 Nxc5 8. Rd1 Bxc3 9. Bxc3 Qa4 10. Qxa4 Nxa4 11. Be5 Kd8 12. h4 Ne8 13. b3 f6 14. Ba1 Nc5 15. b4 Na4 16. Rh3 b6 17. e4 Ba6 18. e5 Ke7 19. Rhd3 Rd8 20. R3d2 Nc7 21. Nf3 b5 22. cxb5 Bxb5 23. exf6+ gxf6 24. Nd4 Bxf1 25. Kxf1 Nd5 26. Nf5+ Kf7 27. Nd6+ Ke7 28. Nf5+ Kf7 29. Nd6+ Ke7 1/2-1/2

[Event "Beloeil"]
[Site "Beloeil CAN"]
[Date "2006.04.30"]
[Round "5"]
[White "Libersan, Thierry"]
[Black "Bolduc, Steve"]
[Result "1/2-1/2"]
[WhiteElo "2174"]
[BlackElo "2275"]
[PlyCount "29"]
[GameId "2160767910837029"]
[EventDate "2006.04.28"]
[EventType "tourn"]
[EventRounds "5"]
[EventCountry "CAN"]
[SourceTitle "EXT 2007"]
[Source "ChessBase"]
[SourceDate "2006.11.23"]
[SourceVersion "1"]
[SourceVersionDate "2006.11.23"]
[SourceQuality "1"]

1. e4 c5 2. Nf3 Nc6 3. d4 cxd4 4. Nxd4 g6 5. Nc3 Bg7 6. Be3 Nf6 7. Bc4 O-O 8. h3 Nxe4 9. Nxe4 d5 10. Nxc6 bxc6 11. Bd3 dxe4 12. Bxe4 Bxb2 13. O-O Ba6 14. Re1 Qxd1 15. Raxd1 1/2-1/2

[Event "Paques op"]
[Site "Montreal CAN"]
[Date "2006.04.14"]
[Round "1"]
[White "Arsenault, Nicolas"]
[Black "Bolduc, Steve"]
[Result "1/2-1/2"]
[WhiteElo "2082"]
[BlackElo "2274"]
[PlyCount "86"]
[GameId "2160767910837093"]
[EventDate "2006.04.14"]
[EventType "tourn"]
[EventRounds "5"]
[EventCountry "CAN"]
[SourceTitle "EXT 2007"]
[Source "ChessBase"]
[SourceDate "2006.11.23"]
[SourceVersion "1"]
[SourceVersionDate "2006.11.23"]
[SourceQuality "1"]

1. e4 c5 2. Nf3 Nc6 3. d4 cxd4 4. Nxd4 g6 5. Nc3 Bg7 6. Be3 Nf6 7. Bc4 O-O 8. Bb3 a5 9. a4 Ng4 10. Qxg4 Nxd4 11. Qh4 Nxb3 12. cxb3 Ra6 13. O-O Re6 14. Rfe1 b6 15. Bh6 Bxh6 16. Qxh6 Bb7 17. Re3 f6 18. Rd1 Bc6 19. Rh3 Rf7 20. Rhd3 f5 21. exf5 Rxf5 22. Qd2 Rfe5 23. f4 Rc5 24. Ne2 Rf6 25. Nd4 Bd5 26. Re1 Qf8 27. g3 e6 28. Nb5 Rf5 29. Nc3 Bc6 30. Ne4 Rcd5 31. Rxd5 Bxd5 32. Qd4 Bxe4 33. Rxe4 Qc5 34. Kf1 Rd5 35. Qc3 Qd6 36. Ke2 Kf7 37. Rc4 Rd1 38. Qc2 Rh1 39. Ke3 Qd5 40. Rd4 Re1+ 41. Kd3 Qf3+ 42. Kc4 Qc6+ 43. Kd3 Re3+ 1/2-1/2

[Event "Paques op"]
[Site "Montreal CAN"]
[Date "2006.04.15"]
[Round "3"]
[White "Bolduc, Steve"]
[Black "Robichaud, Louis"]
[Result "1/2-1/2"]
[WhiteElo "2274"]
[BlackElo "2056"]
[PlyCount "99"]
[GameId "2160767910837104"]
[EventDate "2006.04.14"]
[EventType "tourn"]
[EventRounds "5"]
[EventCountry "CAN"]
[SourceTitle "EXT 2007"]
[Source "ChessBase"]
[SourceDate "2006.11.23"]
[SourceVersion "1"]
[SourceVersionDate "2006.11.23"]
[SourceQuality "1"]

1. d4 Nf6 2. Nf3 g6 3. c4 Bg7 4. Nc3 O-O 5. e4 d6 6. Be2 e5 7. O-O Nc6 8. d5 Ne7 9. Ne1 Nd7 10. Be3 f5 11. f3 f4 12. Bf2 g5 13. b4 Rf6 14. c5 a6 15. cxd6 cxd6 16. a4 Rh6 17. g4 fxg3 18. hxg3 Qe8 19. g4 Ng6 20. Nd3 Nf4 21. Bg3 Rf6 22. a5 Rf8 23. Rc1 h5 24. gxh5 Qxh5 25. Kf2 Qe8 26. Ke1 Qd8 27. Rg1 b6 28. axb6 Nxb6 29. Nf2 Bd7 30. Qb3 Qf6 31. Na2 Nxe2 32. Kxe2 Bb5+ 33. Kd2 Qxf3 34. Qxf3 Rxf3 35. Nc3 Nc4+ 36. Ke2 Re3+ 37. Kf1 Rf8 38. Nxb5 axb5 39. Kg2 Bf6 40. Rge1 Rxe1 41. Rxe1 Bd8 42. Ng4 Kg7 43. Ne3 Nxe3+ 44. Rxe3 Bb6 45. Rc3 Bd4 46. Rc6 Rf6 47. Rc8 Rf8 48. Rc6 Rf6 49. Rc8 Rf8 50. Rc6 1/2-1/2

[Event "Dimanche 2006.03.19"]
[Site "Montreal CAN"]
[Date "2006.03.26"]
[Round "2"]
[White "Forget, Luc"]
[Black "Bolduc, Steve"]
[Result "0-1"]
[WhiteElo "1971"]
[BlackElo "2275"]
[PlyCount "46"]
[GameId "2160767910837314"]
[EventDate "2006.03.19"]
[EventType "swiss"]
[EventRounds "4"]
[EventCountry "CAN"]

1. d4 Nf6 2. Nf3 e6 3. g3 d5 4. Bg2 Be7 5. O-O O-O 6. c4 c6 7. Qc2 Nbd7 8. Rd1 b6 9. Nc3 Ba6 10. b3 Rc8 11. Qd3 c5 12. Nb5 cxd4 13. Qxd4 Bxb5 14. cxb5 Ne4 15. Bf4 Bc5 16. Qb2 Nxf2 17. Rd4 Ne4 18. b4 Bxd4+ 19. Nxd4 Qf6 20. Bxe4 dxe4 21. Rf1 Rc4 22. Be3 Qe5 23. Qd2 Nf6 0-1

[Event "Dimanche 2006.03.19"]
[Site "Montreal CAN"]
[Date "2006.04.02"]
[Round "3"]
[White "Le Duin, Thierry"]
[Black "Bolduc, Steve"]
[Result "1/2-1/2"]
[WhiteElo "2091"]
[BlackElo "2275"]
[PlyCount "62"]
[GameId "2160767910837315"]
[EventDate "2006.03.19"]
[EventType "swiss"]
[EventRounds "4"]
[EventCountry "CAN"]

1. d4 Nf6 2. Nf3 e6 3. Bg5 h6 4. Bh4 c5 5. e3 Qb6 6. Qc1 Be7 7. c3 Nc6 8. Nbd2 d5 9. Bd3 Bd7 10. O-O Rc8 11. Rb1 a5 12. Qe1 g5 13. Bg3 Nh5 14. Be5 O-O 15. h3 f5 16. Qe2 Nf6 17. dxc5 Qxc5 18. Nb3 Qb6 19. Bh2 g4 20. Nbd4 Rf7 21. Nxc6 bxc6 22. Ne5 Rg7 23. Kh1 Rf8 24. Qc2 Qa7 25. Rbd1 Be8 26. a3 Ne4 27. f3 Nc5 28. e4 dxe4 29. fxe4 f4 30. Bg1 Qc7 31. Bd4 Bh5 1/2-1/2

[Event "Mauricie op"]
[Site "Trois-Rivieres CAN"]
[Date "2006.03.17"]
[Round "1"]
[White "Bolduc, Steve"]
[Black "Le Duin, Thierry"]
[Result "0-1"]
[WhiteElo "2302"]
[BlackElo "2122"]
[PlyCount "129"]
[GameId "2160767910837322"]
[EventDate "2006.03.17"]
[EventType "swiss"]
[EventRounds "5"]
[EventCountry "CAN"]

1. d4 Nf6 2. Nf3 g6 3. c4 c5 4. d5 b5 5. cxb5 a6 6. b6 Qxb6 7. Nc3 d6 8. e4 Bg7 9. Nd2 O-O 10. Nc4 Qc7 11. Be2 Nbd7 12. O-O Nb6 13. Ne3 Bd7 14. a4 Ne8 15. f4 Rb8 16. Ra3 Qa7 17. Kh1 Nc7 18. f5 Ne8 19. Bd3 Nf6 20. Qe2 Bc8 21. a5 Na8 22. Nc4 Nd7 23. Bg5 Ne5 24. Na4 Nxc4 25. Bxc4 Qd7 26. Qc2 Rb4 27. Bd2 Rb8 28. Raf3 Qc7 29. Bc3 Bxc3 30. Nxc3 Qxa5 31. e5 Bxf5 32. Rxf5 gxf5 33. Qxf5 Qb4 34. Bd3 Qh4 35. exd6 exd6 36. Ne4 Rb3 37. Nf6+ Kh8 38. Rf4 Qh6 39. Bf1 Rb4 40. Rf3 Rh4 41. h3 Nb6 42. g4 c4 43. Kh2 Qd2+ 44. Kg3 Qe1+ 45. Rf2 Rh6 46. Ne4 Rg6 47. h4 Re8 48. Bg2 Reg8 49. g5 h6 50. Qxf7 hxg5 51. h5 Rh6 52. Kh2 g4 53. Ng3 Qe5 54. Be4 Qg7 55. Kg2 Qxf7 56. Rxf7 Rb8 57. Bg6 Nxd5 58. Nf5 Nf4+ 59. Kg3 Nxh5+ 60. Kxg4 Rxg6+ 61. Kxh5 Rg1 62. Kh6 Rh1+ 63. Kg6 Rg8+ 64. Kf6 d5 65. Ne7 0-1

[Event "Mauricie op"]
[Site "Trois-Rivieres CAN"]
[Date "2006.03.18"]
[Round "2"]
[White "Fortier, Marc-Andre"]
[Black "Bolduc, Steve"]
[Result "1/2-1/2"]
[WhiteElo "2076"]
[BlackElo "2302"]
[PlyCount "63"]
[GameId "2160767910837337"]
[EventDate "2006.03.17"]
[EventType "swiss"]
[EventRounds "5"]
[EventCountry "CAN"]

1. e4 c5 2. Nc3 Nc6 3. g3 g6 4. Bg2 Bg7 5. d3 d6 6. Be3 Nf6 7. Nge2 e5 8. h3 O-O 9. O-O Be6 10. f4 Qd7 11. Kh2 Rac8 12. Qd2 d5 13. f5 d4 14. fxe6 fxe6 15. Bg5 dxc3 16. bxc3 Rf7 17. Rad1 Rcf8 18. Kg1 Qc7 19. h4 Ne8 20. Rxf7 Rxf7 21. Bh3 Qd6 22. Nc1 Nc7 23. h5 b6 24. hxg6 hxg6 25. Kg2 c4 26. Qe2 Qa3 27. dxc4 Qxc3 28. Rd3 Qb2 29. Rb3 Qd4 30. Rd3 Qb2 31. Rb3 Qd4 32. Rd3 1/2-1/2

[Event "Mauricie op"]
[Site "Trois-Rivieres CAN"]
[Date "2006.03.18"]
[Round "3"]
[White "Bolduc, Steve"]
[Black "Campbell, Martin-Alexandre"]
[Result "1-0"]
[WhiteElo "2302"]
[BlackElo "1763"]
[PlyCount "41"]
[GameId "2160767910837352"]
[EventDate "2006.03.17"]
[EventType "swiss"]
[EventRounds "5"]
[EventCountry "CAN"]

1. d4 d5 2. Nf3 Nf6 3. c4 e6 4. g3 c5 5. cxd5 Nxd5 6. Bg2 cxd4 7. O-O Nc6 8. Nxd4 Bd7 9. e4 Nf6 10. Nb5 Qb8 11. N1c3 a6 12. Nd4 Bc5 13. Nb3 Be7 14. Bf4 e5 15. Be3 O-O 16. Nd5 Nxd5 17. exd5 Na7 18. Nc5 Bb5 19. Re1 Rd8 20. a4 Be8 21. Qb3 1-0

[Event "Mauricie op"]
[Site "Trois-Rivieres CAN"]
[Date "2006.03.19"]
[Round "4"]
[White "Beaudoin, Stephane"]
[Black "Bolduc, Steve"]
[Result "0-1"]
[WhiteElo "1906"]
[BlackElo "2302"]
[PlyCount "94"]
[GameId "2160767910837361"]
[EventDate "2006.03.17"]
[EventType "swiss"]
[EventRounds "5"]
[EventCountry "CAN"]

1. e4 c5 2. Nf3 d6 3. d4 cxd4 4. Nxd4 Nf6 5. Nc3 a6 6. Be3 e5 7. Nb3 Be6 8. Qd2 Be7 9. f3 b5 10. g4 Nbd7 11. g5 Nh5 12. Nd5 Bxd5 13. exd5 Nf4 14. h4 h6 15. Bxf4 exf4 16. Qxf4 hxg5 17. Qe4 Nf6 18. Qd3 gxh4 19. O-O-O Rh5 20. Nd4 Kf8 21. f4 Nxd5 22. Kb1 Rc8 23. Qf3 Nf6 24. Bh3 Rc4 25. Rhe1 d5 26. b3 Rxd4 27. Rxd4 Qa5 28. c3 g6 29. f5 g5 30. Qe2 Qc7 31. Bg2 Rh8 32. Bxd5 Bc5 33. Rd3 Kg7 34. Red1 g4 35. c4 b4 36. Kb2 Qf4 37. Bxf7 Qxf5 38. Bd5 Re8 39. Qc2 Qg5 40. Bc6 Re3 41. Qd2 Qe5+ 42. Kb1 Re2 43. Rd7+ Nxd7 44. Qxd7+ Kh6 45. Rd2 Re1+ 46. Rd1 Rxd1+ 47. Qxd1 Qf5+ 0-1

[Event "Carnaval op"]
[Site "Quebec CAN"]
[Date "2006.02.17"]
[Round "1"]
[White "Bolduc, Steve"]
[Black "Auger, Bertrand"]
[Result "1-0"]
[WhiteElo "2302"]
[BlackElo "2013"]
[PlyCount "42"]
[GameId "2160767739657217"]
[EventDate "2006.02.17"]
[EventType "swiss"]
[EventRounds "5"]
[EventCountry "CAN"]
[SourceTitle "EXT 2007"]
[Source "ChessBase"]
[SourceDate "2006.11.23"]
[SourceVersion "1"]
[SourceVersionDate "2006.11.23"]
[SourceQuality "1"]

1. d4 e6 2. Nf3 Nf6 3. c4 b6 4. Nc3 Bb4 5. Bg5 Bb7 6. e3 O-O 7. Bd3 d6 8. O-O Bxc3 9. bxc3 Nbd7 10. Nd2 h6 11. Bh4 c5 12. f4 Qc7 13. Rc1 Nh7 14. Qe2 f5 15. e4 Rae8 16. Rce1 g5 17. Bg3 e5 18. exf5 Ndf6 19. Bf2 g4 20. Bh4 Be4 21. Bxe4 Nxe4 {Qe6+} 1-0